00329nam a2200097Ia 45000010005000000080041000050820021000461000089000672450051001562600024002071952241024s9999 xx 000 0 und d aRD/630.7/R426m/2 aRepública Dominicana. Secretaría de Estado de Educación, Bellas Artes y Cultos 0aModalidad Técnico-Profesional. Versión 2.0 bSanto Domingoc1993